Metal Gear Solid: Les jeux de la franchise - Statistiques

Statistiques générales
  • Ce quiz a été pris 66 fois
  • Le résultat moyen est 7 sur 9
Statistiques - réponses
Hint Réponse % Correct
1987 Metal Gear
95%
1998 Metal Gear Solid
92%
1990 Metal Gear 2: Solid Snake
81%
2004 Metal Gear Solid 3: Snake Eater
78%
2001 Metal Gear Solid 2: Sons of Liberty
75%
2010 Metal Gear Solid: Peace Walker
71%
2015 Metal Gear Solid V: The Phantom Pain
69%
2008 Metal Gear Solid 4: Guns of the Patriots
66%
2014 Metal Gear Solid V: Ground Zeroes
53%
Aucun quiz correspondant
Distribution des résultats
% des personnes avec chaque résultat
Percentile par nombre de réponses
Votre historique - résultats
Vous n’avez pas pris ce quiz